000 00309nam a22001337a 4500
008 181011b xxu||||| |||| 00| 0 eng d
020 _a0898386268
041 _aeng
080 _a617
100 _a6
101 _aANE
245 _aAnesthesia and the Cardiovascular System
_cStanley, Th.H
942 _2udc
_cBK
999 _c49402
_d49402